| 000 | 01004nmm a2200301 a 4500 | ||
|---|---|---|---|
| 001 | ocm0002146827 | ||
| 003 | TR-IsHL | ||
| 005 | 20201028183934.0 | ||
| 008 | 190428s2012 tu tur | ||
| 007 | cr cn | ||
| 020 | _a9786054530083 | ||
| 035 |
_a2146827 _b(N$T) |
||
| 050 | 0 | 4 |
_aPN6231.N27 _bS4 2012 |
| 090 | 0 | 4 |
_aPN6231.N27 _bS4 2012 |
| 245 | 1 | 0 |
_aSeçme Nasreddin Hoca latifeleri _h[electronic resource] / _chazırlayan Doç. Dr.Selami Şimşek |
| 250 | _aİlaveli 2. Baskı | ||
| 260 |
_aİstanbul : _bBuhara Yayınları, _c2012 |
||
| 300 | _a176 p. | ||
| 650 | 4 | _aDil ve Edebiyat | |
| 650 | 4 | _aLanguage and Literature | |
| 650 | 0 | _aNasreddin Hoca (Efsanevi karakter) | |
| 650 | 0 | _aNasreddin Hoca (Legendary character) | |
| 650 | 0 | _aTürk mizahı | |
| 650 | 0 | _aTurkish wit and humor | |
| 650 | 7 |
_aHUMOR / Form / Jokes & Riddles _2bisacsh |
|
| 700 | 1 | _aŞimşek, Selami | |
| 856 | 4 | 0 | _uhttp://search.ebscohost.com/login.aspx?direct=true&scope=site&db=e011xww&AN=2146827 |
| 999 |
_c20767 _d20767 |
||